Temas sobre institucionalidad autónoma en Costa Rica /

সংরক্ষণ করুন:
গ্রন্থ-পঞ্জীর বিবরন
সংস্থা লেখক: Instituto Centroamericano de Administración Pública
বিন্যাস: অজ্ঞাত
ভাষা:Spanish
প্রকাশিত: San José: ICAP
বিষয়গুলি:
ট্যাগগুলো: ট্যাগ যুক্ত করুন
কোনো ট্যাগ নেই, প্রথমজন হিসাবে ট্যাগ করুন!

MARC

LEADER 00000 a2200000 04500
001 15737
003 cru CIDCACS/IIS
005 20230919150625.0
008 991231s1978 cr spa d
020 |a [sin ISBN] 
040 |a cru CIDCACS/IIS  |b español  |c cru CIDCACS/IIS 
090 |a 04.03.04 Ch539t 
110 |a Instituto Centroamericano de Administración Pública  
245 |a Temas sobre institucionalidad autónoma en Costa Rica /   |c ICAP 
260 |a San José:   |b ICAP  
300 |a p. varia.  
500 |a Colección Centroamérica 
650 0 0 |0 TESAUROS  |9 7979  |a AUTONOMIA 
650 0 0 |9 7477  |a FINANZAS PUBLICAS 
651 0 |9 32  |a COSTA RICA 
852 1 1 |a 04.03.04 Ch539t  |h 04.03.04 Ch539t  |i 21403 
942 |2 ddc  |c LI  |h 04.03.04 Ch539t  |k 04.03.04  |m  Ch539t  |i 21403  |6 040304_CH539T_21403 
999 |c 44067  |d 44067